01266 2200589 4500001002100000008004100021035002000062245006000082100001900142250000600161260003000167300001200197084001400209082000800223650001300231990001200244990001200256990001200268990001200280990001200292990001200304990001200316990001200328990001200340990001200352990001200364990001200376990001200388990001200400990001200412990001200424990001200436990001200448990001200460990001200472990001200484990001200496990001200508990001200520990001200532990001200544990001200556990001200568990001200580990001200592990001200604990001200616990001200628990001200640990001200652990001200664INLIS000000000000772 ind  a0010-0524000007 aX-Press UN SMA/ MA 2020 Bahasa IndonesiacTim Progresif aProgresif, Tim a1 aJakarta :bErlanggac2019 a159 hlm a410 TIM b a410 aNonFiksi a0740284 a0740285 a0740286 a0740287 a0740288 a0740289 a0740290 a0740291 a0740292 a0740293 a0740294 a0740295 a0740296 a0740297 a0740298 a0740299 a0740300 a0740301 a0740302 a0740303 a0740304 a0740305 a0740306 a0740307 a0740308 a0740309 a0740310 a0740311 a0740312 a0740313 a0740314 a0740315 a0740316 a0740317 a0740318 a0740319